[Event "FRA-ch Blitz Online Qual"]
[Site "Europe Echecs INT"]
[Date "2020.05.16"]
[Round "13"]
[White "Emmenecker, Pierre Antoine"]
[Black "Kieffer, Anatole"]
[Result "1-0"]
[WhiteElo "2172"]
[BlackElo "2094"]
[PlyCount "71"]
[EventDate "2020.05.16"]
[EventType "swiss (blitz)"]
[EventRounds "15"]
[EventCountry "FRA"]
[SourceTitle "CBM 196 Extra"]
[Source "ChessBase"]
[SourceDate "2020.07.31"]
[SourceVersion "1"]
[SourceVersionDate "2020.07.31"]
[SourceQuality "1"]

1. d4 Nf6 2. Nf3 g6 3. e3 Bg7 4. Be2 0-0 5. 0-0 d6 6. b3 Nbd7 7. Bb2 c5 8. c4 cxd4 9. exd4 e6 10. Nc3 b6 11. Ba3 Ne8 12. Re1 Bb7 13. Rc1 a6 14. Bf1 Kh8 15. d5 e5 16. b4 f5 17. h4 Rc8 18. Na4 Nef6 19. Ng5 Qe7 20. Ne6 Rfe8 21. Nxg7 Qxg7 22. Bb2 Qh6 23. g3 Ne4 24. Bg2 b5 25. cxb5 axb5 26. Bxe4 bxa4 27. Bg2 Nb6 28. f4 Nc4 29. Ba1 Kg8 30. fxe5 dxe5 31. d6 Nxd6 32. Rxc8 Rxc8 33. Qxd6 Bxg2 34. Qe6+ Kg7 35. Bxe5+ Kf8 36. Qxc8+ 1-0

[Event "FRA-ch Blitz Online Qual"]
[Site "Europe Echecs INT"]
[Date "2020.05.16"]
[Round "6"]
[White "Kieffer, Anatole"]
[Black "Roussel, Simon"]
[Result "1-0"]
[WhiteElo "2094"]
[BlackElo "2140"]
[PlyCount "109"]
[EventDate "2020.05.16"]
[EventType "swiss (blitz)"]
[EventRounds "15"]
[EventCountry "FRA"]
[SourceTitle "CBM 196 Extra"]
[Source "ChessBase"]
[SourceDate "2020.07.31"]
[SourceVersion "1"]
[SourceVersionDate "2020.07.31"]
[SourceQuality "1"]

1. e4 e5 2. Nf3 Nc6 3. Bc4 Nf6 4. d3 Be7 5. c3 0-0 6. 0-0 d6 7. a4 h6 8. a5 a6 9. Nbd2 Nh7 10. Re1 Kh8 11. Nf1 f5 12. exf5 Bxf5 13. Ng3 Bg6 14. Bd5 Ng5 15. Bxg5 Bxg5 16. Bxc6 bxc6 17. Nxg5 Qxg5 18. Ne4 Qf4 19. f3 c5 20. d4 cxd4 21. cxd4 Rab8 22. dxe5 Rxb2 23. exd6 Bxe4 24. Rxe4 Qg5 25. Rg4 Qc5+ 26. Kh1 cxd6 27. Qd4 Qxd4 28. Rxd4 Rf5 29. h3 Rg5 30. g4 Re5 31. Rxd6 Ree2 32. Rad1 Rh2+ 33. Kg1 Rbg2+ 34. Kf1 Ra2 35. Kg1 Rxh3 36. Rxa6 Rg3+ 37. Kf1 Rxf3+ 38. Kg1 Rg3+ 39. Kf1 Rxg4 40. Ra8+ Kh7 41. a6 Rga4 42. Rd6 h5 43. Rd5 Kg6 44. Rd6+ Kg5 45. Rg8 Rf4+ 46. Kg1 Rg4+ 47. Kf1 Kh4 48. Rd5 Rxa6 49. Rh8 g6 50. Rb8 Ra2 51. Rb3 Rf4+ 52. Kg1 Rc4 53. Rb1 Rcc2 54. Rb4+ Kg3 55. Rd3# 1-0

[Event "FRA-ch op"]
[Site "Nimes"]
[Date "2014.08.25"]
[Round "7"]
[White "Kieffer, Anatole"]
[Black "Kozlowski, Thierry"]
[Result "0-1"]
[WhiteElo "1855"]
[BlackElo "1975"]
[PlyCount "106"]
[EventDate "2014.08.17"]
[EventType "swiss"]
[EventRounds "11"]
[EventCountry "FRA"]
[SourceTitle "EXT 2015"]
[Source "ChessBase"]
[SourceDate "2014.11.20"]
[SourceVersion "1"]
[SourceVersionDate "2014.11.20"]
[SourceQuality "1"]

1. d4 Nf6 2. c4 e6 3. Nc3 Bb4 4. Nf3 c5 5. e3 Ne4 6. Bd2 Bxc3 7. Bxc3 Nxc3 8. bxc3 Qa5 9. Qd2 d6 10. Bd3 Nc6 11. 0-0 0-0 12. Qc2 f5 13. e4 g6 14. d5 Ne7 15. Ng5 e5 16. f4 exf4 17. Rxf4 h6 18. Nh3 g5 19. Rf2 f4 20. e5 dxe5 21. Re1 Qb6 22. Rxe5 Qf6 23. Rfe2 Nf5 24. Bxf5 Bxf5 25. Qd2 f3 26. R2e3 Bxh3 27. gxh3 f2+ 28. Kf1 Qf4 29. Qd3 Rf6 30. Re7 Rf5 31. d6 Raf8 32. Qe4 Qxd6 33. Qe6+ Qxe6 34. R3xe6 Rd8 35. Re8+ Rxe8 36. Rxe8+ Kg7 37. Re7+ Rf7 38. Rxf7+ Kxf7 39. Kxf2 Kf6 40. Ke2 Kf5 41. Kf3 h5 42. Ke3 g4 43. h4 b6 44. Ke2 Ke4 45. Kf2 Kd3 46. Kg3 Ke3 47. Kg2 Kd3 48. Kg3 Kxc3 49. Kf4 Kxc4 50. Kg5 Kd3 51. Kxh5 c4 52. Kg6 c3 53. h5 c2 0-1

[Event "Le Port Marly Paribas blitz op"]
[Site "Le Port Marly"]
[Date "2014.??.??"]
[Round "7"]
[White "Kieffer, Anatole"]
[Black "Aithmidou, Mohamed Mehdi"]
[Result "1/2-1/2"]
[WhiteElo "1739"]
[BlackElo "2165"]
[PlyCount "122"]
[EventDate "2014.06.14"]
[EventType "swiss (blitz)"]
[EventRounds "15"]
[EventCountry "FRA"]
[SourceTitle "EXT 2015"]
[Source "ChessBase"]
[SourceDate "2014.11.20"]
[SourceVersion "1"]
[SourceVersionDate "2014.11.20"]
[SourceQuality "1"]

1. e4 c5 2. Nf3 Nc6 3. d4 cxd4 4. Nxd4 g6 5. Nc3 Bg7 6. Be3 Nf6 7. f3 0-0 8. Nb3 a5 9. a4 Nb4 10. Bc4 d5 11. exd5 Bf5 12. Nd4 Rc8 13. Bb3 Rxc3 14. bxc3 Nbxd5 15. Bd2 Qb6 16. Qe2 Rc8 17. Nxf5 gxf5 18. c4 Qd4 19. Rd1 Nc3 20. Bxc3 Qxc3+ 21. Qd2 Qe5+ 22. Qe2 Qc5 23. g3 Ne8 24. Qf2 Qb4+ 25. Kf1 Nd6 26. Kg2 b6 27. Rhe1 Bf6 28. Qd2 Qxd2+ 29. Rxd2 Bc3 30. Rxd6 exd6 31. Re7 Rc5 32. Rb7 Be5 33. Rxb6 Kg7 34. Rb5 Kf6 35. Rxc5 dxc5 36. Kf2 Bc3 37. Ke3 Ke5 38. Kd3 Bd4 39. c3 Bg1 40. h3 f4 41. g4 Bf2 42. Bc2 h6 43. Ke2 Bh4 44. Be4 Bf6 45. Kd3 Kd6 46. Bd5 Ke7 47. Ke4 Bxc3 48. Kxf4 Kf6 49. Ke4 Ba1 50. f4 Bc3 51. h4 Kg7 52. g5 hxg5 53. hxg5 f6 54. Kf5 fxg5 55. fxg5 Bd2 56. g6 Kf8 57. Ke6 Kg7 58. Be4 Bb4 59. Kd6 Kf8 60. Kd5 Kg7 61. Ke6 Bc3 1/2-1/2

[Event "Le Port Marly Paribas blitz op"]
[Site "Le Port Marly"]
[Date "2014.??.??"]
[Round "5"]
[White "Kieffer, Anatole"]
[Black "Fedoryshyn, Ievgenii"]
[Result "1/2-1/2"]
[WhiteElo "1739"]
[BlackElo "2180"]
[PlyCount "76"]
[EventDate "2014.06.14"]
[EventType "swiss (blitz)"]
[EventRounds "15"]
[EventCountry "FRA"]
[SourceTitle "EXT 2015"]
[Source "ChessBase"]
[SourceDate "2014.11.20"]
[SourceVersion "1"]
[SourceVersionDate "2014.11.20"]
[SourceQuality "1"]

1. e4 e6 2. d4 d5 3. Nc3 Bb4 4. e5 c5 5. a3 Bxc3+ 6. bxc3 Qc7 7. Nf3 Ne7 8. Bd3 c4 9. Be2 0-0 10. 0-0 Bd7 11. a4 Nbc6 12. Ba3 f6 13. Re1 Rf7 14. exf6 gxf6 15. Bf1 Ng6 16. g3 Rd8 17. Bg2 Kh8 18. Qd2 Nce7 19. a5 Nf5 20. Bh3 Re8 21. Bxf5 exf5 22. Rxe8+ Bxe8 23. Re1 Bd7 24. Bb4 f4 25. Qc1 Bg4 26. Nd2 Qd7 27. f3 Bh3 28. Nf1 Rg7 29. Kh1 Bxf1 30. Rxf1 fxg3 31. Qh6 g2+ 32. Kxg2 Nh4+ 33. Kf2 Qh3 34. Qxf6 Qxh2+ 35. Ke3 Ng6 36. Qd8+ Rg8 37. Qf6+ Rg7 38. Qd8+ Rg8 1/2-1/2

[Event "Le Port Marly Paribas blitz op"]
[Site "Le Port Marly"]
[Date "2014.??.??"]
[Round "13"]
[White "Kieffer, Anatole"]
[Black "Ider, Borya"]
[Result "1/2-1/2"]
[WhiteElo "1739"]
[BlackElo "2379"]
[PlyCount "169"]
[EventDate "2014.06.14"]
[EventType "swiss (blitz)"]
[EventRounds "15"]
[EventCountry "FRA"]
[SourceTitle "EXT 2015"]
[Source "ChessBase"]
[SourceDate "2014.11.20"]
[SourceVersion "1"]
[SourceVersionDate "2014.11.20"]
[SourceQuality "1"]

1. e4 e6 2. d4 d5 3. Nc3 Bb4 4. e5 c5 5. a3 Bxc3+ 6. bxc3 Qa5 7. Bd2 Qa4 8. Nf3 Nc6 9. Bd3 c4 10. Be2 Nge7 11. 0-0 Bd7 12. Nh4 0-0-0 13. f4 Rdf8 14. Bg4 f5 15. exf6 gxf6 16. f5 e5 17. Bh6 Rfg8 18. Bh5 Qa5 19. Bf7 Qxc3 20. Bxg8 Rxg8 21. dxe5 Nxe5 22. Kh1 Bc6 23. Nf3 Nxf3 24. Rxf3 Qe5 25. Bf4 Qxf5 26. Bg3 Qe6 27. Qd4 Nf5 28. Qxa7 Nxg3+ 29. hxg3 d4 30. Kh2 Bxf3 31. gxf3 Rg5 32. Qxd4 Qe2+ 33. Kh3 Rh5+ 34. Kg4 Rg5+ 35. Kh3 Qe6+ 36. Kg2 Rh5 37. Qg4 Qxg4 38. fxg4 Rd5 39. Rf1 Rd6 40. Rf4 b5 41. Rf5 Rd2+ 42. Kh3 Rxc2 43. Rxb5 Rc1 44. Rf5 c3 45. Kg2 c2 46. Rc5+ Kd7 47. Kf2 Kd6 48. Rc3 Ke5 49. Ke2 Ra1 50. Rxc2 Rxa3 51. Rc5+ Ke6 52. Kf2 Kf7 53. Kg2 h6 54. Rc7+ Kg6 55. Rc5 Ra4 56. Kh3 Rb4 57. Ra5 Re4 58. Rc5 Re5 59. Rc8 Rd5 60. Ra8 Rb5 61. Rc8 Rb2 62. Ra8 Kf7 63. Ra5 Rc2 64. Rh5 Kg7 65. Ra5 Re2 66. Ra7+ Kg6 67. Ra5 Re5 68. Ra8 Kf7 69. Rh8 Re1 70. Kg2 Kg7 71. Ra8 Re7 72. Kh3 Kg6 73. Ra5 Rg7 74. Kh4 Kf7 75. Kh3 Rg5 76. Ra7+ Ke6 77. Rh7 Rg6 78. Ra7 Ke5 79. Ra5+ Kd4 80. Ra4+ Kc3 81. Ra3+ Kb4 82. Ra7 Kc5 83. Rh7 Rg5 84. Ra7 Rg6 85. Rh7 1/2-1/2

[Event "Le Port Marly Paribas blitz op"]
[Site "Le Port Marly"]
[Date "2013.06.15"]
[Round "10"]
[White "Dutreuil, Raphael"]
[Black "Kieffer, Anatole"]
[Result "0-1"]
[WhiteElo "2390"]
[BlackElo "2110"]
[PlyCount "70"]
[EventDate "2013.06.15"]
[EventType "swiss (blitz)"]
[EventRounds "15"]
[EventCountry "FRA"]
[SourceTitle "EXT 2014"]
[Source "ChessBase"]
[SourceDate "2013.11.20"]
[SourceVersion "1"]
[SourceVersionDate "2013.11.20"]
[SourceQuality "1"]

1. d4 Nf6 2. c4 g6 3. Nc3 Bg7 4. e4 d6 5. f3 0-0 6. Be3 Nc6 7. Nge2 e5 8. d5 Ne7 9. h4 Nd7 10. h5 f5 11. hxg6 hxg6 12. Bh6 Bxh6 13. Rxh6 Kg7 14. Rh2 Nc5 15. b4 Nd7 16. exf5 Nxf5 17. Ne4 Nf6 18. N2c3 Rh8 19. Rxh8 Qxh8 20. Nxf6 Qh4+ 21. Kd2 Kxf6 22. Ne4+ Kg7 23. Bd3 Qf4+ 24. Kc3 Qe3 25. g4 Qd4+ 26. Kb3 Ne3 27. Qb1 a5 28. a4 axb4 29. Kxb4 Nxd5+ 30. Ka3 Nb6 31. Kb3 Be6 32. Nd2 d5 33. c5 Nxa4 34. Bxg6 Qc3+ 35. Ka2 Nxc5# 0-1

[Event "FRA-ch U14"]
[Site "Saint Paul Trois Chateaux"]
[Date "2013.05.02"]
[Round "5"]
[White "O'Sullivan, Thomas"]
[Black "Kieffer, Anatole"]
[Result "1/2-1/2"]
[WhiteElo "1884"]
[BlackElo "1723"]
[PlyCount "127"]
[EventDate "2013.04.28"]
[EventType "swiss"]
[EventRounds "9"]
[EventCountry "FRA"]
[SourceTitle "CBM 154 Extra"]
[Source "ChessBase"]
[SourceDate "2013.06.25"]
[SourceVersion "2"]
[SourceVersionDate "2013.06.25"]
[SourceQuality "1"]

1. d4 Nf6 2. c4 e6 3. Nc3 Bb4 4. e3 c5 5. Bd3 Nc6 6. Nf3 Bxc3+ 7. bxc3 d6 8. 0-0 h6 9. e4 e5 10. Re1 0-0 11. d5 Ne7 12. Nh4 g5 13. Qf3 Ng6 14. Nf5 Kh7 15. Qh3 Bxf5 16. Qxf5 Kg7 17. g3 Qd7 18. Kg2 Rae8 19. h4 Qxf5 20. exf5 Ne7 21. hxg5 hxg5 22. Bxg5 Neg8 23. f3 Nh7 24. Bd2 Re7 25. Rh1 f6 26. Rh4 Rff7 27. Rg4+ Kf8 28. Rh1 Rg7 29. Rg6 Ref7 30. Rh4 Rd7 31. f4 Kf7 32. fxe5 dxe5 33. g4 b6 34. Be4 Ne7 35. Rxg7+ Kxg7 36. Kf3 Nc8 37. Bh6+ Kg8 38. g5 fxg5 39. Rh5 Nd6 40. Bxg5 Rf7 41. Bh4 Nxc4 42. d6 Nxd6 43. Bd5 Kg7 44. Bxf7 Nxf7 45. Be7 Nf6 46. Rh1 Ng5+ 47. Ke3 Nd5+ 48. Kd3 Nxe7 49. Kc4 a6 50. a4 Nxf5 51. Kd5 Ne3+ 52. Kxe5 Nf7+ 53. Ke4 Nc4 54. Kd5 Nb2 55. a5 bxa5 56. Kxc5 Na4+ 57. Kd5 Nxc3+ 58. Kc4 Nb5 59. Ra1 Nfd6+ 60. Kc5 Kf6 61. Rxa5 Nb7+ 62. Kb6 Nxa5 63. Kxa6 Nc6 64. Kxb5 1/2-1/2

[Event "Caen Alekhine op-A 22nd"]
[Site "Caen"]
[Date "2012.11.01"]
[Round "1"]
[White "Louis, Corentin"]
[Black "Kieffer, Anatole"]
[Result "1-0"]
[WhiteElo "1987"]
[BlackElo "1710"]
[PlyCount "73"]
[EventDate "2012.11.01"]
[EventType "swiss"]
[EventRounds "7"]
[EventCountry "FRA"]
[SourceTitle "EXT 2013"]
[Source "ChessBase"]
[SourceDate "2012.11.22"]
[SourceVersion "1"]
[SourceVersionDate "2012.11.22"]
[SourceQuality "1"]

1. e4 e5 2. Nf3 Nc6 3. d4 exd4 4. Nxd4 Nf6 5. Nc3 Bb4 6. Nxc6 dxc6 7. Qxd8+ Kxd8 8. Bd2 Be6 9. f3 Ke7 10. a3 Ba5 11. 0-0-0 Rad8 12. Be2 Rhe8 13. Be3 Bb6 14. Bg5 h6 15. Bf4 Kf8 16. Na4 Nh5 17. Bd2 Bd4 18. g3 b5 19. Bb4+ Kg8 20. Nc5 Bc8 21. Nb3 Bb6 22. Rxd8 Rxd8 23. Rd1 Be3+ 24. Bd2 Bb6 25. Na5 c5 26. Bxb5 Be6 27. Nc6 Rd6 28. g4 Bd7 29. Ne7+ Kf8 30. Bxd7 Rxd7 31. Nc6 Nf6 32. a4 c4 33. Ne5 Re7 34. Nxc4 Bc5 35. Be3 Bxe3+ 36. Nxe3 Ke8 37. Nf5 1-0

[Event "FRA-chT U20"]
[Site "France"]
[Date "2012.05.27"]
[Round "?"]
[White "Raynaud, Jean Philippe"]
[Black "Kieffer, Anatole"]
[Result "0-1"]
[WhiteElo "1631"]
[BlackElo "1694"]
[PlyCount "61"]
[EventDate "2012.05.26"]
[EventType "team-swiss"]
[EventRounds "9"]
[EventCountry "FRA"]
[SourceTitle "EXT 2014"]
[Source "ChessBase"]
[SourceDate "2013.11.20"]
[SourceVersion "1"]
[SourceVersionDate "2013.11.20"]
[SourceQuality "1"]

1. d4 Nf6 2. c4 g6 3. Nc3 Bg7 4. e4 d6 5. Be2 0-0 6. Be3 e5 7. d5 Nbd7 8. g4 Ne8 9. g5 f5 10. gxf6 Qxf6 11. h4 a5 12. h5 g5 13. Bg4 h6 14. Be6+ Kh8 15. Qg4 Qe7 16. Nge2 Ndf6 17. Qg3 Bxe6 18. dxe6 Qxe6 19. Bxg5 Rg8 20. Bxf6 Bxf6 21. Qe3 Bg5 22. Qd3 c6 23. Ng3 Ng7 24. Rd1 Rad8 25. b3 Rgf8 26. Rb1 Rf7 27. b4 Rdf8 28. Rh2 Rf3 29. Qc2 Qxc4 30. Nge2 axb4 31. Qd1 0-1

[Event "FRA-chT U20"]
[Site "France"]
[Date "2012.05.26"]
[Round "?"]
[White "Boitel, Leo"]
[Black "Kieffer, Anatole"]
[Result "0-1"]
[WhiteElo "1453"]
[BlackElo "1694"]
[PlyCount "110"]
[EventDate "2012.05.26"]
[EventType "team-swiss"]
[EventRounds "9"]
[EventCountry "FRA"]
[SourceTitle "EXT 2014"]
[Source "ChessBase"]
[SourceDate "2013.11.20"]
[SourceVersion "1"]
[SourceVersionDate "2013.11.20"]
[SourceQuality "1"]

1. d4 Nf6 2. c4 g6 3. Nc3 Bg7 4. Nf3 0-0 5. Bf4 d6 6. e3 Nc6 7. Bd3 Re8 8. Bg3 e5 9. Bc2 Bg4 10. d5 Ne7 11. h3 Bc8 12. 0-0 Nh5 13. Bh2 f5 14. Qd2 h6 15. Bd1 Nf6 16. Bb3 Nd7 17. c5 Nxc5 18. Qc2 Kh8 19. Rac1 Bd7 20. Bc4 a5 21. b3 Rf8 22. a3 Na6 23. Ne2 b5 24. Bd3 e4 25. Bxe4 fxe4 26. Nfd4 Rc8 27. Qxe4 Nc5 28. Qb1 Bf5 29. Nxf5 gxf5 30. Nf4 Ne4 31. Qd3 Qd7 32. Ne6 Rf7 33. Rc2 Be5 34. Bxe5+ dxe5 35. f3 Qxd5 36. Qxd5 Nxd5 37. fxe4 Nxe3 38. Rff2 Nxc2 39. Rxc2 fxe4 40. Nc5 Rf4 41. Re2 Re8 42. Nxe4 Re6 43. Nc5 Re7 44. Re3 Rd4 45. Kf2 e4 46. Kg3 Re5 47. Na6 Rg5+ 48. Kf2 c5 49. Rc3 c4 50. b4 Rd3 51. Rc2 Rf5+ 52. Ke1 Rxa3 53. bxa5 Rxa5 54. Nc7 Ra7 55. Ne6 Re5 0-1

[Event "FRA-ch U12"]
[Site "Montlucon"]
[Date "2011.04.19"]
[Round "4"]
[White "Chesterkine, Vassili"]
[Black "Kieffer, Anatole"]
[Result "1-0"]
[WhiteElo "1603"]
[BlackElo "1712"]
[PlyCount "59"]
[EventDate "2011.04.17"]
[EventType "swiss"]
[EventRounds "9"]
[EventCountry "FRA"]
[SourceTitle "CBM 142 Extra"]
[Source "ChessBase"]
[SourceDate "2011.06.27"]
[SourceVersion "1"]
[SourceVersionDate "2011.06.27"]
[SourceQuality "1"]

1. e4 e5 2. Nf3 d6 3. d4 exd4 4. Nxd4 Nf6 5. Nc3 Be7 6. Bf4 0-0 7. Qd2 Re8 8. 0-0-0 Bf8 9. f3 Nbd7 10. g4 Ne5 11. Qf2 Ng6 12. Be3 a6 13. Be2 b5 14. g5 b4 15. Nb1 c5 16. gxf6 Qxf6 17. Bc4 cxd4 18. Bxd4 Ne5 19. f4 Qh6 20. Bd5 Rb8 21. Nd2 Ng4 22. Qg3 Bd7 23. e5 dxe5 24. fxe5 Rec8 25. h3 Qg6 26. Be4 Bf5 27. Qd3 Bxe4 28. Nxe4 Nh6 29. Rdg1 Qe6 30. Nf6+ 1-0

[Event "FRA-chTB U20 1011"]
[Site "France"]
[Date "2010.11.21"]
[Round "3.6"]
[White "Kieffer, Anatole"]
[Black "Machiels, Etienne"]
[Result "1/2-1/2"]
[WhiteElo "1671"]
[BlackElo "1573"]
[PlyCount "103"]
[EventDate "2010.11.20"]
[EventType "team-tourn"]
[EventRounds "7"]
[EventCountry "FRA"]
[SourceTitle "EXT 2012"]
[Source "ChessBase"]
[SourceDate "2011.11.24"]
[SourceVersion "1"]
[SourceVersionDate "2011.11.24"]
[SourceQuality "1"]
[WhiteTeam "Clichy"]
[BlackTeam "Sautron"]
[WhiteTeamCountry "FRA"]
[BlackTeamCountry "FRA"]

1. e4 e5 2. Nf3 Nc6 3. Bc4 Bc5 4. c3 Nf6 5. d3 0-0 6. 0-0 d6 7. Nbd2 a6 8. Bb3 Be6 9. h3 Qd7 10. Bxe6 fxe6 11. Re1 Qf7 12. Nf1 Nh5 13. b4 Ba7 14. N1h2 Rae8 15. a4 Bb6 16. b5 axb5 17. axb5 Na7 18. Qb3 Nc8 19. Rf1 h6 20. Be3 Bxe3 21. fxe3 Ng3 22. Rfe1 h5 23. Nf1 Qg6 24. Nxg3 Qxg3 25. Rf1 Rf6 26. Ra2 Ref8 27. Raf2 Qg6 28. Nh4 Qf7 29. Rxf6 gxf6 30. Rf3 Kh7 31. Qa2 b6 32. Qe2 Rg8 33. d4 exd4 34. exd4 Ne7 35. Qf2 Rf8 36. Qc2 Ng6 37. Nxg6 Qxg6 38. Qd3 Rg8 39. Rf2 Rg7 40. Qf3 Rf7 41. c4 Kg8 42. d5 exd5 43. cxd5 Kf8 44. Qf5 Qxf5 45. Rxf5 Kg7 46. Rxh5 Kg6 47. Rf5 Re7 48. Rf4 Re5 49. g4 Re8 50. Rf3 Kg5 51. Re3 Kf4 52. Kf2 1/2-1/2

[Event "Paris-ch op-A"]
[Site "Paris"]
[Date "2010.07.10"]
[Round "8"]
[White "Kieffer, Anatole"]
[Black "Larramendy, Pierre"]
[Result "0-1"]
[WhiteElo "1800"]
[BlackElo "1912"]
[PlyCount "66"]
[EventDate "2010.07.03"]
[EventType "swiss"]
[EventRounds "9"]
[EventCountry "FRA"]
[SourceTitle "CBM 137 Extra"]
[Source "ChessBase"]
[SourceDate "2010.09.01"]
[SourceVersion "1"]
[SourceVersionDate "2010.09.01"]
[SourceQuality "1"]

1. e4 c5 2. Nf3 g6 3. d4 cxd4 4. Nxd4 Nc6 5. Be3 Nf6 6. Nc3 Bg7 7. f3 0-0 8. Qd2 d5 9. exd5 Nxd5 10. Nxd5 Qxd5 11. c3 Nxd4 12. Bxd4 e5 13. Be3 Qxd2+ 14. Bxd2 Be6 15. Be2 Rfd8 16. Be3 a6 17. a3 b5 18. 0-0 Bc4 19. Bxc4 bxc4 20. Rad1 f5 21. Bc1 Kf7 22. Kf2 Ke6 23. Ke2 Bf6 24. h3 Be7 25. Rxd8 Rxd8 26. Rd1 Rxd1 27. Kxd1 Kd5 28. Kc2 h5 29. b4 cxb3+ 30. Kxb3 Bc5 31. Kc2 Kc4 32. a4 e4 33. Bd2 Bf2 0-1